| 000 | 00575nam a2200157 a 4500 | ||
|---|---|---|---|
| 001 | 000043756 | ||
| 005 | 20201002044943.0 | ||
| 008 | 140422s2014 dr ac 000 0 spa d | ||
| 020 | _a9789945892505 | ||
| 040 |
_aDO-SdBNP _bspa _cBNPHU |
||
| 082 |
_axxxx _bxxxx |
||
| 100 | 1 |
_aPeña, Alexis _d1967- _971587 |
|
| 245 | 1 | 0 |
_aDonde dije, digo : _bantología de aforismos fragmentos del taller de creación literaria expeperimental coiné (TCLEC) / _ctaller y selección de Alexis Peña. |
| 260 |
_aSanto Domingo : _bLetra Erguida, _c2014. |
||
| 300 |
_a111 p. : _bil., retrs. ; _c21 cm. |
||
| 999 |
_c43245 _d43245 |
||